| 000 | 00507cam a2200145 4500500 | ||
|---|---|---|---|
| 005 | 20251102003553.0 | ||
| 041 | _afre | ||
| 042 | _adc | ||
| 100 | 1 | 0 |
_ade Tannenberg, Valéry Laramée _eauthor |
| 245 | 0 | 0 | _aCOP30 climat : de quoi parlerons-nous à Belém ? |
| 260 | _c2025. | ||
| 500 | _a16 | ||
| 786 | 0 | _nAlternatives Économiques | 463 | 10 | 2025-10-21 | p. 66-69 | 0247-3739 | |
| 856 | 4 | 1 | _uhttps://shs.cairn.info/magazine-alternatives-economiques-2025-12-page-66?lang=fr&redirect-ssocas=7080 |
| 999 |
_c1560106 _d1560106 |
||